Účtovanie nájomného v obecných nájomných bytoch

Účtovanie nájomného v obecných nájomných bytoch obstaraných zo štátneho fondu rozvoja bývania. Štátny fond rozvoja bývania (ďalej len „ŠFRB“) patrí k významným zdrojom financovania bytovej politiky a je určený najmä na rozvoj a podporu sociálneho bývania.

Guardado en:
Detalles Bibliográficos
Autor principal: Veverková, Ingrid
Formato: Capítulo de libro
Lenguaje:eslovaco
Materias:
Etiquetas: Agregar Etiqueta
Sin Etiquetas, Sea el primero en etiquetar este registro!

MARC

LEADER 00000naa a2200000 4500
001 0247846
005 20180921132340.8
041 0 |a slo 
044 |a SK 
245 1 0 |a Účtovanie nájomného v obecných nájomných bytoch  |c Ingrid Veverková 
520 |a Účtovanie nájomného v obecných nájomných bytoch obstaraných zo štátneho fondu rozvoja bývania. Štátny fond rozvoja bývania (ďalej len „ŠFRB“) patrí k významným zdrojom financovania bytovej politiky a je určený najmä na rozvoj a podporu sociálneho bývania. 
610 2 0 |a účtovníctvo 
610 2 0 |a nájomné 
610 2 0 |a byty obecné 
610 2 0 |a byty sociálne 
610 2 0 |a bývanie 
610 2 0 |a podpora štátna 
100 1 |a Veverková, Ingrid